[Event "Scarborough Major 47th"]
[Site "Scarborough"]
[Date "2024.10.26"]
[Round "2.7"]
[White "Griffin-Young, Sebastian"]
[Black "Quaite, Toby"]
[Result "0-1"]
[WhiteElo "1658"]
[BlackElo "1760"]
[PlyCount "108"]
[EventDate "2024.10.25"]
[EventType "swiss"]
[EventRounds "5"]
[EventCountry "ENG"]
[SourceTitle "BritBase"]
[Source "John Saunders"]
[SourceDate "2024.12.27"]
[SourceVersion "1"]
[SourceVersionDate "2024.12.27"]
[SourceQuality "1"]

1. c4 b6 2. Nc3 e6 3. Nf3 Bb7 4. g3 Nf6 5. Bg2 Bb4 6. O-O O-O 7. d3 d5 8. cxd5 Nxd5 9. Qb3 Na6 10. a3 Be7 11. Bd2 Bf6 12. Ne4 Be7 13. Rac1 h6 14. Ne5 f5 15. Nc3 Nc5 16. Qa2 Nxc3 17. Rxc3 Bxg2 18. Kxg2 Bf6 19. Rxc5 Qd6 20. Rc6 Qxe5 21. Bc3 Qd5+ 22. Qxd5 exd5 23. Bxf6 Rxf6 24. Rxc7 f4 25. Rd7 Re8 26. f3 Rxe2+ 27. Rf2 Rxf2+ 28. Kxf2 fxg3+ 29. hxg3 Rc6 30. Ke3 Re6+ 31. Kd4 Rf6 32. Kxd5 Rxf3 33. d4 Rxg3 34. Rxa7 h5 35. Ke6 h4 36. Ra8+ Kh7 37. Rf8 Re3+ 38. Kd5 h3 39. Kc6 h2 40. Rf1 g5 41. Rh1 Re2 42. d5 Kg6 43. d6 Kf6 44. Rd1 Rd2 45. Rf1+ Ke6 46. Re1+ Kf7 47. d7 g4 48. Rf1+ Ke6 49. Re1+ Kf5 50. Kc7 g3 51. Rf1+ Kg4 52. Rh1 Kh3 53. d8=Q Rxd8 54. Kxd8 g2 0-1

[Event "Scarborough Major 47th"]
[Site "Scarborough"]
[Date "2024.10.26"]
[Round "2.9"]
[White "Keely, Leo A"]
[Black "Wheeler, James M"]
[Result "1/2-1/2"]
[WhiteElo "1922"]
[BlackElo "1852"]
[PlyCount "69"]
[EventDate "2024.10.25"]
[EventType "swiss"]
[EventRounds "5"]
[EventCountry "ENG"]
[SourceTitle "BritBase"]
[Source "John Saunders"]
[SourceDate "2024.12.27"]
[SourceVersion "1"]
[SourceVersionDate "2024.12.27"]
[SourceQuality "1"]

1. e4 e6 2. d4 d5 3. e5 c5 4. c3 Nc6 5. Be3 Qb6 6. Qd2 Bd7 7. Nf3 Nh6 8. Bd3 cxd4 9. Bxd4 Bc5 10. Bxc5 Qxc5 11. O-O Nf5 12. Bxf5 exf5 13. Na3 Be6 14. Nc2 Rd8 15. Ncd4 O-O 16. Qf4 g6 17. Qh6 Rfe8 18. Nxc6 bxc6 19. Ng5 d4 20. Qxh7+ Kf8 21. Qh8+ Ke7 22. Qf6+ Kd7 23. cxd4 Qe7 24. Qxe7+ Rxe7 25. Nxe6 Kxe6 26. Rac1 Rxd4 27. Rxc6+ Kxe5 28. g3 Kd5 29. Ra6 Rd2 30. b3 Kc5 31. Rc1+ Kb5 32. Rac6 Ree2 33. R1c5+ Kb4 34. Rc4+ Ka3 35. Ra6+ 1/2-1/2

[Event "Scarborough Major 47th"]
[Site "Scarborough"]
[Date "2024.10.26"]
[Round "2.10"]
[White "Hymer, Barry J"]
[Black "Awesome, John Aanuoluwapo"]
[Result "1-0"]
[WhiteElo "1920"]
[BlackElo "1697"]
[PlyCount "131"]
[EventDate "2024.10.25"]
[EventType "swiss"]
[EventRounds "5"]
[EventCountry "ENG"]
[SourceTitle "BritBase"]
[Source "John Saunders"]
[SourceDate "2024.12.27"]
[SourceVersion "1"]
[SourceVersionDate "2024.12.27"]
[SourceQuality "1"]

1. d4 d5 2. Nc3 Nf6 3. Bf4 c6 4. e3 g6 5. h4 h5 6. Nf3 Bg4 7. Qd2 Nbd7 8. Ng5 Nb6 9. f3 Bd7 10. O-O-O Bg7 11. e4 dxe4 12. fxe4 Bg4 13. Be2 Qd7 14. Nf3 Rd8 15. Rhf1 O-O 16. Bh6 Bxf3 17. gxf3 e5 18. Bxg7 Kxg7 19. dxe5 Qxd2+ 20. Rxd2 Nfd7 21. Rfd1 Rfe8 22. f4 Re7 23. b4 Rde8 24. a4 Nf8 25. a5 Nbd7 26. Rg1 Kh6 27. Bc4 b6 28. Rd6 Nb8 29. axb6 axb6 30. b5 Rc8 31. bxc6 Nxc6 32. Ba6 Ra8 33. Rxc6 Rxa6 34. Kd2 Ne6 35. Nd5 Rd7 36. Ke3 Ra3+ 37. c3 Rb7 38. f5 Nf8 39. e6 fxe6 40. fxe6 Raa7 41. e7 Rxe7 42. Nxe7 Rxe7 43. Rxb6 Ne6 44. e5 Nf8 45. Ke4 Rxe5+ 46. Kxe5 Nd7+ 47. Ke6 Nxb6 48. Kf7 Nc4 49. Rxg6+ Kh7 50. Rg5 Kh6 51. Rd5 Ne3 52. Rd6+ Kh7 53. Re6 Nc4 54. Kf6 Kh6 55. Kf5+ Kg7 56. Kg5 Nb2 57. Kxh5 Nd3 58. Kg5 Kf7 59. Rb6 Ne5 60. Kf5 Nc4 61. Rb7+ Ke8 62. Ke6 Kf8 63. h5 Na5 64. Rc7 Kg8 65. Kf6 Nb3 66. Kg6 1-0

[Event "Scarborough Major 47th"]
[Site "Scarborough"]
[Date "2024.10.26"]
[Round "2.12"]
[White "Vaidyanathan, Sathya"]
[Black "Newton, Robert"]
[Result "1-0"]
[WhiteElo "1794"]
[BlackElo "1886"]
[PlyCount "79"]
[EventDate "2024.10.25"]
[EventType "swiss"]
[EventRounds "5"]
[EventCountry "ENG"]
[SourceTitle "BritBase"]
[Source "John Saunders"]
[SourceDate "2024.12.27"]
[SourceVersion "1"]
[SourceVersionDate "2024.12.27"]
[SourceQuality "1"]

1. e4 c5 2. Nc3 g6 3. d4 Bg7 4. dxc5 Nc6 5. Bd2 b6 6. cxb6 axb6 7. Nf3 d6 8. Be2 Nf6 9. O-O O-O 10. h3 Bb7 11. a3 h6 12. Be3 Kh7 13. e5 Nd7 14. exd6 e6 15. Nd4 Qh4 16. Ncb5 e5 17. Nf3 Qf6 18. c3 Rab8 19. Nc7 Rfd8 20. Nd5 Qxd6 21. Nxb6 Qe7 22. Nxd7 Rxd7 23. Qc2 f5 24. Rad1 Rxd1 25. Rxd1 f4 26. Bc1 e4 27. Nh2 Rf8 28. Re1 Ne5 29. Ng4 f3 30. Nxe5 Bxe5 31. Bf1 Bb8 32. gxf3 Rxf3 33. Bg2 Qc7 34. Bxf3 Qh2+ 35. Kf1 Ba6+ 36. c4 Qxh3+ 37. Bg2 Qc8 38. Qxe4 Bxc4+ 39. Kg1 Bd6 40. Qb7+ 1-0

[Event "Scarborough Major 47th"]
[Site "Scarborough"]
[Date "2024.10.26"]
[Round "2.13"]
[White "Jennings, Roger W"]
[Black "Kennedy, Craig"]
[Result "1/2-1/2"]
[WhiteElo "1980"]
[BlackElo "1846"]
[PlyCount "55"]
[EventDate "2024.10.25"]
[EventType "swiss"]
[EventRounds "5"]
[EventCountry "ENG"]
[SourceTitle "BritBase"]
[Source "John Saunders"]
[SourceDate "2024.12.27"]
[SourceVersion "1"]
[SourceVersionDate "2024.12.27"]
[SourceQuality "1"]

1. g3 e5 2. Bg2 d5 3. d3 Nc6 4. Nf3 Nf6 5. O-O Be7 6. Nc3 O-O 7. e4 dxe4 8. Nxe4 Nxe4 9. dxe4 Be6 10. Qe2 h6 11. Rd1 Qc8 12. Be3 Rd8 13. Rxd8+ Qxd8 14. Rd1 Qe8 15. a3 a6 16. Ne1 Rd8 17. Rxd8 Qxd8 18. Qd3 Nd4 19. f4 f6 20. Bxd4 exd4 21. e5 b5 22. exf6 Bxf6 23. Qe4 Qc8 24. Nd3 Bf5 25. Qd5+ Be6 26. Qc6 Bd7 27. Qd5+ Be6 28. Qc6 1/2-1/2

[Event "Scarborough Major 47th"]
[Site "Scarborough"]
[Date "2024.10.26"]
[Round "2.14"]
[White "Collinson, Mark I"]
[Black "Jelfs, Alan"]
[Result "1/2-1/2"]
[WhiteElo "1902"]
[BlackElo "1823"]
[PlyCount "90"]
[EventDate "2024.10.25"]
[EventType "swiss"]
[EventRounds "5"]
[EventCountry "ENG"]
[SourceTitle "BritBase"]
[Source "John Saunders"]
[SourceDate "2024.12.27"]
[SourceVersion "1"]
[SourceVersionDate "2024.12.27"]
[SourceQuality "1"]

1. d4 d5 2. c4 e6 3. Nf3 Nf6 4. g3 Nbd7 5. Bg2 Be7 6. O-O O-O 7. Nc3 dxc4 8. e4 c6 9. a4 Qa5 10. Bd2 Qh5 11. Qe2 e5 12. d5 a5 13. Qxc4 Nb6 14. Qb3 Bb4 15. Be3 c5 16. Bg5 Bg4 17. Bxf6 gxf6 18. Nd2 Rfd8 19. Nc4 Nxc4 20. Qxc4 b6 21. f4 Rab8 22. Rf2 Bd7 23. Raf1 Bxc3 24. Qxc3 Bxa4 25. fxe5 Bb5 26. Rf5 Qe2 27. Rxf6 Qd3 28. Qc1 Qd4+ 29. R1f2 Qxe5 30. R6f5 Qe7 31. Rxf7 Qxf7 32. Rxf7 Kxf7 33. Qh6 Kg8 34. Qe6+ Kh8 35. Qf6+ Kg8 36. e5 Rf8 37. Qg5+ Kh8 38. d6 Rbe8 39. Bd5 Rf1+ 40. Kg2 Ref8 41. e6 R1f2+ 42. Kh3 Bf1+ 43. Kg4 Be2+ 44. Kh3 Bf1+ 45. Kg4 Be2+ 1/2-1/2

[Event "Scarborough Major 47th"]
[Site "Scarborough"]
[Date "2024.10.26"]
[Round "2.15"]
[White "Williams, David"]
[Black "Littlejohns, David P"]
[Result "0-1"]
[WhiteElo "1870"]
[BlackElo "1949"]
[PlyCount "54"]
[EventDate "2024.10.25"]
[EventType "swiss"]
[EventRounds "5"]
[EventCountry "ENG"]
[SourceTitle "BritBase"]
[Source "John Saunders"]
[SourceDate "2024.12.27"]
[SourceVersion "1"]
[SourceVersionDate "2024.12.27"]
[SourceQuality "1"]

1. d4 c6 2. Bf4 d5 3. c3 Bf5 4. Nd2 Nf6 5. e3 e6 6. Ngf3 Bd6 7. Bg3 Bxg3 8. hxg3 Qb6 9. Qb3 Qxb3 10. axb3 h6 11. b4 Nbd7 12. Nb3 Ne4 13. Be2 Ke7 14. O-O Rhc8 15. Nbd2 Nxd2 16. Nxd2 e5 17. b3 exd4 18. exd4 Kd6 19. c4 Re8 20. Rfe1 Nf6 21. f3 a6 22. Kf2 Re7 23. b5 cxb5 24. cxb5 a5 25. b4 a4 26. Ra3 Rae8 27. Nb1 Bxb1 0-1

[Event "Scarborough Major 47th"]
[Site "Scarborough"]
[Date "2024.10.26"]
[Round "2.16"]
[White "Broughton, Daniel"]
[Black "Wilson, Matthew R"]
[Result "1/2-1/2"]
[WhiteElo "1966"]
[BlackElo "1800"]
[PlyCount "65"]
[EventDate "2024.10.25"]
[EventType "swiss"]
[EventRounds "5"]
[EventCountry "ENG"]
[SourceTitle "BritBase"]
[Source "John Saunders"]
[SourceDate "2024.12.27"]
[SourceVersion "1"]
[SourceVersionDate "2024.12.27"]
[SourceQuality "1"]

1. d4 d5 2. c4 e6 3. e3 Nf6 4. Nc3 b6 5. Nf3 Nbd7 6. cxd5 exd5 7. Bb5 Bb7 8. Ne5 Qc8 9. Qa4 a6 10. Nxd7 Nxd7 11. Bc6 b5 12. Bxb7 Qxb7 13. Qb3 Nf6 14. O-O Bd6 15. Bd2 O-O 16. Rfd1 Rfe8 17. Rac1 Rac8 18. Na4 Ne4 19. Nc5 Bxc5 20. dxc5 Nxd2 21. Rxd2 c6 22. Rd4 Re5 23. Qc3 Rce8 24. b4 Re4 25. Rcd1 h5 26. Rxe4 Rxe4 27. Rd4 Qe7 28. Qd3 f5 29. Rxe4 Qxe4 30. Qxe4 dxe4 31. Kf1 Kf7 32. Ke2 Ke6 33. Kd2 1/2-1/2

[Event "Scarborough Major 47th"]
[Site "Scarborough"]
[Date "2024.10.26"]
[Round "2.17"]
[White "Pitel, Benedikt"]
[Black "McCarthy, Damian"]
[Result "1/2-1/2"]
[WhiteElo "1829"]
[BlackElo "1884"]
[PlyCount "97"]
[EventDate "2024.10.25"]
[EventType "swiss"]
[EventRounds "5"]
[EventCountry "ENG"]
[SourceTitle "BritBase"]
[Source "John Saunders"]
[SourceDate "2024.12.27"]
[SourceVersion "1"]
[SourceVersionDate "2024.12.27"]
[SourceQuality "1"]

1. e4 c5 2. c3 d5 3. exd5 Qxd5 4. Nf3 Nc6 5. Na3 Nf6 6. Bc4 Qe4+ 7. Qe2 Qxe2+ 8. Bxe2 a6 9. O-O Bf5 10. d3 Rd8 11. Rd1 e6 12. Bf4 h6 13. Rd2 g5 14. Bg3 Nh5 15. Rad1 Nxg3 16. hxg3 Bg7 17. Nc2 O-O 18. Kf1 b5 19. Ne3 Bg6 20. d4 cxd4 21. Nxd4 Nxd4 22. cxd4 Rd6 23. d5 Rfd8 24. Bf3 e5 25. Rc1 f5 26. Rc6 f4 27. Rxd6 Rxd6 28. gxf4 gxf4 29. Nd1 e4 30. Bg4 Bf7 31. Bc8 Kf8 32. Ke2 Bxd5 33. Ke1 Ke7 34. Bxa6 Bxa2 35. Bxb5 Bb3 36. Nc3 Bxc3 37. bxc3 Rxd2 38. Kxd2 Kd6 39. c4 Kc5 40. Kc3 Bd1 41. Kd2 Bg4 42. g3 fxg3 43. fxg3 Kd4 44. Ba6 Be6 45. c5 e3+ 46. Ke1 Kxc5 47. Ke2 Kd4 48. Bb7 Bg4+ 49. Ke1 1/2-1/2

[Event "Scarborough Major 47th"]
[Site "Scarborough"]
[Date "2024.10.26"]
[Round "2.19"]
[White "Hardy, Roger"]
[Black "Revell, Jeremy"]
[Result "1/2-1/2"]
[WhiteElo "1918"]
[BlackElo "1781"]
[PlyCount "53"]
[EventDate "2024.10.25"]
[EventType "swiss"]
[EventRounds "5"]
[EventCountry "ENG"]
[SourceTitle "BritBase"]
[Source "John Saunders"]
[SourceDate "2024.12.27"]
[SourceVersion "1"]
[SourceVersionDate "2024.12.27"]
[SourceQuality "1"]

1. d4 Nf6 2. c4 g6 3. Nc3 d5 4. cxd5 Nxd5 5. Bd2 Bg7 6. e4 Nxc3 7. Bxc3 O-O 8. Nf3 Bg4 9. Be2 c5 10. d5 e6 11. O-O exd5 12. exd5 Qd6 13. Qd2 Nd7 14. Bxg7 Kxg7 15. Rfe1 Nf6 16. Qc3 Rfe8 17. h3 Bxf3 18. Bxf3 Kg8 19. Qc4 Rab8 20. a4 a6 21. Rxe8+ Rxe8 22. a5 Nd7 23. Rc1 Ne5 24. Qxc5 Nxf3+ 25. gxf3 Rd8 26. Qxd6 Rxd6 27. Rc5 1/2-1/2

[Event "Scarborough Major 47th"]
[Site "Scarborough"]
[Date "2024.10.26"]
[Round "2.21"]
[White "Rothwell, James P"]
[Black "Morris, Gary"]
[Result "1/2-1/2"]
[WhiteElo "1831"]
[BlackElo "1643"]
[PlyCount "52"]
[EventDate "2024.10.25"]
[EventType "swiss"]
[EventRounds "5"]
[EventCountry "ENG"]
[SourceTitle "BritBase"]
[Source "John Saunders"]
[SourceDate "2024.12.27"]
[SourceVersion "1"]
[SourceVersionDate "2024.12.27"]
[SourceQuality "1"]

1. e4 c6 2. Nf3 d5 3. Nc3 dxe4 4. Nxe4 Nf6 5. Qe2 Nxe4 6. Qxe4 Be6 7. Bc4 Bxc4 8. Qxc4 Qd5 9. Qe2 e6 10. O-O Nd7 11. d4 Be7 12. c4 Qf5 13. Re1 O-O 14. Bd2 Nf6 15. Rad1 Rfd8 16. Bc3 a5 17. Rd3 Nd7 18. Red1 b5 19. cxb5 cxb5 20. d5 Nc5 21. Re3 Rxd5 22. Nd4 Qg6 23. Rg3 Qe4 24. Re3 Qg6 25. Rg3 Qe4 26. Re3 Qg6 1/2-1/2

[Event "Scarborough Major 47th"]
[Site "Scarborough"]
[Date "2024.10.26"]
[Round "2.22"]
[White "Shivakumar, Akshath"]
[Black "Webb, Nicholas"]
[Result "0-1"]
[WhiteElo "1716"]
[BlackElo "1858"]
[PlyCount "90"]
[EventDate "2024.10.25"]
[EventType "swiss"]
[EventRounds "5"]
[EventCountry "ENG"]
[SourceTitle "BritBase"]
[Source "John Saunders"]
[SourceDate "2024.12.27"]
[SourceVersion "1"]
[SourceVersionDate "2024.12.27"]
[SourceQuality "1"]

1. d4 d5 2. c4 e6 3. Nf3 Nf6 4. g3 Be7 5. Bg2 O-O 6. O-O dxc4 7. Qc2 c5 8. Rd1 Qb6 9. e3 Nc6 10. Qxc4 Rd8 11. Nc3 Na5 12. Qe2 Bd7 13. Ne5 Be8 14. d5 exd5 15. Bxd5 Bd6 16. Nc4 Nxc4 17. Bxc4 Be5 18. f4 Bxc3 19. Rxd8 Rxd8 20. bxc3 Bd7 21. Bb2 Bg4 22. Qc2 Qc6 23. Re1 b5 24. Bf1 c4 25. Ra1 Qc5 26. Bc1 Qh5 27. Ba3 Re8 28. Bc1 Bf3 29. a4 Bd1 30. Qb2 a6 31. axb5 axb5 32. Ra5 Bb3 33. Qa3 Qd5 34. Qb4 Qd1 35. Ba3 Qe1 36. Qc5 Ne4 37. Kg2 Qf2+ 38. Kh3 Nxc5 39. Bxc5 Qxf1+ 40. Kh4 Qe2 41. h3 Bd1 42. g4 Qf2+ 43. Kg5 h6+ 44. Kf5 Qc2+ 45. e4 Qxe4# 0-1

[Event "Scarborough Major 47th"]
[Site "Scarborough"]
[Date "2024.10.26"]
[Round "2.23"]
[White "Turner, Tim M"]
[Black "Leigh, Dominic"]
[Result "1/2-1/2"]
[WhiteElo "1830"]
[BlackElo "1727"]
[PlyCount "116"]
[EventDate "2024.10.25"]
[EventType "swiss"]
[EventRounds "5"]
[EventCountry "ENG"]
[SourceTitle "BritBase"]
[Source "John Saunders"]
[SourceDate "2024.12.27"]
[SourceVersion "1"]
[SourceVersionDate "2024.12.27"]
[SourceQuality "1"]

1. d4 Nf6 2. Nf3 e6 3. Nbd2 d5 4. e3 c5 5. c3 Nc6 6. Bd3 Bd6 7. O-O O-O 8. e4 cxd4 9. cxd4 dxe4 10. Nxe4 Be7 11. Ng3 Nb4 12. Bb1 b6 13. a3 Nbd5 14. Qd3 a5 15. Rd1 Ba6 16. Qd2 h6 17. Ne5 Qc7 18. Qe1 Rac8 19. Bd2 Bb5 20. Rc1 Qb7 21. Ba2 Rxc1 22. Rxc1 Rc8 23. Bb1 Rxc1 24. Qxc1 Bf8 25. Qc2 Qc7 26. Qxc7 Nxc7 27. f3 Nd7 28. Ne4 Nxe5 29. dxe5 Bc6 30. Kf2 Nd5 31. h4 f6 32. exf6 gxf6 33. Ba2 Kf7 34. g4 Bg7 35. Nd6+ Kf8 36. Nc8 f5 37. Bxd5 Bxd5 38. Nxb6 Bd4+ 39. Be3 Bxb6 40. Bxb6 a4 41. Ke3 fxg4 42. fxg4 Kf7 43. Kf4 Kg6 44. h5+ Kh7 45. Bd4 Bb3 46. Kg3 Bd1 47. b3 axb3 48. Kf4 Be2 49. a4 Bd1 50. a5 Be2 51. Bb2 Ba6 52. Ke5 Be2 53. Bc3 Bxg4 54. a6 Bf3 55. a7 Bd5 56. Kf6 Bf3 57. Kxe6 Kg8 58. Kd6 Kf7 1/2-1/2

[Event "Scarborough Major 47th"]
[Site "Scarborough"]
[Date "2024.10.26"]
[Round "2.26"]
[White "Mckiernan, James"]
[Black "Mata, Andrew B"]
[Result "1-0"]
[WhiteElo "1821"]
[BlackElo "1828"]
[PlyCount "97"]
[EventDate "2024.10.25"]
[EventType "swiss"]
[EventRounds "5"]
[EventCountry "ENG"]
[SourceTitle "BritBase"]
[Source "John Saunders"]
[SourceDate "2024.12.27"]
[SourceVersion "1"]
[SourceVersionDate "2024.12.27"]
[SourceQuality "1"]

1. d4 Nf6 2. Nc3 d5 3. Bf4 c5 4. e3 cxd4 5. exd4 a6 6. Bd3 Nc6 7. Nge2 Bg4 8. f3 Bh5 9. a3 e6 10. Qd2 Bg6 11. g4 b5 12. Nd1 Qb6 13. h4 h5 14. Bxg6 fxg6 15. Qd3 O-O-O 16. c3 hxg4 17. fxg4 Ne4 18. Ng3 Nxg3 19. Bxg3 Na5 20. b4 Nc4 21. a4 Bd6 22. Bxd6 Qxd6 23. axb5 axb5 24. Rf1 Qe7 25. Qxg6 Rdf8 26. Rxf8+ Rxf8 27. Ra8+ Kb7 28. Rxf8 Qxf8 29. Qxe6 Qf3 30. h5 Kc7 31. Qf5 Qg3+ 32. Ke2 Kc6 33. Qf3 Qh2+ 34. Nf2 Qh4 35. Nd3 Qh2+ 36. Qf2 Qh3 37. Qf3 Qh2+ {[=]} 38. Nf2 Qh4 39. Qf4 Qe7+ 40. Kf1 Ne3+ 41. Kg1 Nc4 42. Nd3 Qh4 43. Kg2 Kb6 44. Ne5 Nxe5 45. dxe5 Kc7 46. Qd4 Qe7 47. Kg3 Qf8 48. g5 Qd8 49. Qc5+ 1-0

[Event "Scarborough Major 47th"]
[Site "Scarborough"]
[Date "2024.10.26"]
[Round "2.28"]
[White "Bromilow, Edward T"]
[Black "Trevelyan, Andy J"]
[Result "0-1"]
[WhiteElo "1866"]
[BlackElo "1817"]
[PlyCount "62"]
[EventDate "2024.10.25"]
[EventType "swiss"]
[EventRounds "5"]
[EventCountry "ENG"]
[SourceTitle "BritBase"]
[Source "John Saunders"]
[SourceDate "2024.12.27"]
[SourceVersion "1"]
[SourceVersionDate "2024.12.27"]
[SourceQuality "1"]

1. d4 Nf6 2. Nf3 g6 3. Nc3 Bg7 4. e4 d6 5. Bf4 O-O 6. Be2 Nbd7 7. Qd2 Re8 8. Bh6 Bh8 9. h4 Ng4 10. Bg5 h5 11. Nh2 Nxh2 12. Rxh2 c5 13. d5 Ne5 14. f3 Rb8 15. O-O-O Qa5 16. Rg1 b5 17. g4 b4 18. Nb1 Qxa2 19. Qe3 Nc4 20. Bxc4 Bxb2+ 21. Kd2 Qxc4 22. gxh5 Bd4 23. Qf4 Be5 24. Qe3 Bxh2 25. Rg2 Be5 26. Qg1 b3 27. c3 Ba6 28. hxg6 Qd3+ 29. Kc1 b2+ 30. Rxb2 Rxb2 31. gxf7+ Kxf7 0-1

[Event "Scarborough Major 47th"]
[Site "Scarborough"]
[Date "2024.10.26"]
[Round "2.30"]
[White "Best, Francis P"]
[Black "Hill, Maurice J"]
[Result "1-0"]
[WhiteElo "1716"]
[BlackElo "1818"]
[PlyCount "88"]
[EventDate "2024.10.25"]
[EventType "swiss"]
[EventRounds "5"]
[EventCountry "ENG"]
[SourceTitle "BritBase"]
[Source "John Saunders"]
[SourceDate "2024.12.27"]
[SourceVersion "1"]
[SourceVersionDate "2024.12.27"]
[SourceQuality "1"]

1. e4 g6 2. d4 d6 3. Nc3 c6 4. a4 Bg7 5. Be3 Nf6 6. Be2 Nbd7 7. Nf3 Qc7 8. h3 e5 9. dxe5 dxe5 10. O-O O-O 11. a5 Re8 12. Bc4 b5 13. axb6 Nxb6 14. Bb3 h6 15. Nd2 Be6 16. Qe2 Bxb3 17. Nxb3 Nfd7 18. Ra5 Bf8 19. Na4 Nxa4 20. Rxa4 c5 21. Rfa1 Nb6 22. Ra6 Nc8 23. Na5 Re6 24. Rxe6 fxe6 25. Qa6 Nb6 26. Nc4 Rc8 27. f3 Re8 28. Na3 Nc8 29. Nb5 Qb6 30. Nxa7 Qb8 31. b3 Kf7 32. Nxc8 Rxc8 33. Qa7+ Qxa7 34. Rxa7+ Kf6 35. Kf2 g5 36. g4 c4 37. bxc4 Rxc4 38. Ra2 Bd6 39. Ke2 Ke7 40. Kd3 Rc8 41. c4 Kd7 42. Rc2 Kc6 43. h4 Be7 44. hxg5 hxg5 1-0

[Event "Scarborough Major 47th"]
[Site "Scarborough"]
[Date "2024.10.26"]
[Round "2.32"]
[White "Holliday, John K"]
[Black "May, Paul"]
[Result "0-1"]
[WhiteElo "1825"]
[BlackElo "1833"]
[PlyCount "92"]
[EventDate "2024.10.25"]
[EventType "swiss"]
[EventRounds "5"]
[EventCountry "ENG"]
[SourceTitle "BritBase"]
[Source "John Saunders"]
[SourceDate "2024.12.27"]
[SourceVersion "1"]
[SourceVersionDate "2024.12.27"]
[SourceQuality "1"]

1. e4 c5 2. Nf3 a6 3. d4 cxd4 4. Nxd4 Nf6 5. Nc3 e5 6. Nf3 Bb4 7. Bd2 d6 8. Bd3 Be6 9. Qe2 O-O 10. h3 Nc6 11. a3 Ba5 12. g4 Nxg4 13. hxg4 Bxg4 14. Qe3 Bb6 15. Qg5 Bxf3 16. Rg1 Qxg5 17. Rxg5 Kh8 18. Rg3 Bh5 19. Nd5 Bd8 20. Be3 Ne7 21. Kd2 Nxd5 22. exd5 Bg6 23. Rag1 Bxd3 24. Kxd3 Bf6 25. b3 g6 26. Bh6 Bg7 27. Rh3 Bxh6 28. Rxh6 Kg7 29. Rgh1 Rh8 30. f4 exf4 31. Ke4 Rae8+ 32. Kxf4 Re2 33. c4 Rc2 34. Ke4 Rc3 35. R1h3 Rxh3 36. Rxh3 f5+ 37. Kd4 Re8 38. b4 b6 39. Rc3 Kf6 40. c5 Re4+ 41. Kd3 bxc5 42. bxc5 dxc5 43. Rxc5 Ke5 44. Rc7 Rd4+ 45. Ke3 Rxd5 46. Rxh7 Ra5 0-1

[Event "Scarborough Major 47th"]
[Site "Scarborough"]
[Date "2024.10.26"]
[Round "3.1"]
[White "Quaite, Toby"]
[Black "De Sousa Muachikape, Jael J"]
[Result "1-0"]
[WhiteElo "1760"]
[BlackElo "1865"]
[PlyCount "63"]
[EventDate "2024.10.25"]
[EventType "swiss"]
[EventRounds "5"]
[EventCountry "ENG"]
[SourceTitle "BritBase"]
[Source "John Saunders"]
[SourceDate "2024.12.27"]
[SourceVersion "1"]
[SourceVersionDate "2024.12.27"]
[SourceQuality "1"]

1. d4 Nf6 2. Nf3 d5 3. e3 c5 4. dxc5 e6 5. a3 a5 6. c4 Bxc5 7. Nc3 O-O 8. Be2 Nc6 9. O-O d4 10. exd4 Nxd4 11. Nxd4 Bxd4 12. Qc2 Qe7 13. Nb5 Bc5 14. Bg5 h6 15. Bh4 e5 16. Nc3 g5 17. Bg3 b6 18. Bf3 Rb8 19. Rfe1 Be6 20. Bxe5 Bd6 21. Bd4 Rfc8 22. Rad1 Bc7 23. Nd5 Nxd5 24. Bxd5 Qe8 25. Re2 b5 26. Bxe6 fxe6 27. Rde1 Qh5 28. g3 e5 29. Bxe5 Bxe5 30. Rxe5 Rxc4 31. Qd3 Rf8 32. Re7 1-0

[Event "Scarborough Major 47th"]
[Site "Scarborough"]
[Date "2024.10.26"]
[Round "3.2"]
[White "Bradey, Joseph E"]
[Black "Hall, James"]
[Result "1/2-1/2"]
[WhiteElo "1924"]
[BlackElo "1824"]
[PlyCount "37"]
[EventDate "2024.10.25"]
[EventType "swiss"]
[EventRounds "5"]
[EventCountry "ENG"]
[SourceTitle "BritBase"]
[Source "John Saunders"]
[SourceDate "2024.12.27"]
[SourceVersion "1"]
[SourceVersionDate "2024.12.27"]
[SourceQuality "1"]

1. e4 e5 2. Nc3 Nf6 3. f4 d5 4. fxe5 Nxe4 5. Nf3 Bc5 6. d4 Bb4 7. Qd3 O-O 8. Be2 Bf5 9. Qe3 c5 10. O-O Nc6 11. Qf4 Bxc3 12. bxc3 Nxc3 13. Rf2 Bxc2 14. Bf1 Bg6 15. Ba3 b6 16. dxc5 Ne4 17. Rc2 Re8 18. Bb5 Rc8 19. Ba6 1/2-1/2

[Event "Scarborough Major 47th"]
[Site "Scarborough"]
[Date "2024.10.26"]
[Round "3.4"]
[White "Brown, Tom"]
[Black "Gartside, Carl"]
[Result "1/2-1/2"]
[WhiteElo "1940"]
[BlackElo "1797"]
[PlyCount "48"]
[EventDate "2024.10.25"]
[EventType "swiss"]
[EventRounds "5"]
[EventCountry "ENG"]
[SourceTitle "BritBase"]
[Source "John Saunders"]
[SourceDate "2024.12.27"]
[SourceVersion "1"]
[SourceVersionDate "2024.12.27"]
[SourceQuality "1"]

1. d4 Nf6 2. Nf3 g6 3. Nbd2 d5 4. e3 Bg7 5. b4 a5 6. b5 c5 7. bxc6 Nxc6 8. Be2 O-O 9. O-O Qc7 10. Bb2 Bf5 11. c4 e6 12. Nh4 Nb4 13. Nxf5 gxf5 14. a3 Nc6 {[=]} 15. cxd5 Nxd5 16. g3 Rfd8 17. Rc1 Qe7 18. Bf3 e5 19. dxe5 Nxe5 20. Bxe5 Qxe5 21. Nc4 Qe6 22. Qb3 a4 23. Qxb7 Nc3 24. Nd2 Rab8 1/2-1/2

[Event "Scarborough Major 47th"]
[Site "Scarborough"]
[Date "2024.10.26"]
[Round "3.5"]
[White "Layhe, Simon"]
[Black "Hoadley, Kenneth"]
[Result "1/2-1/2"]
[WhiteElo "1867"]
[BlackElo "1995"]
[PlyCount "94"]
[EventDate "2024.10.25"]
[EventType "swiss"]
[EventRounds "5"]
[EventCountry "ENG"]
[SourceTitle "BritBase"]
[Source "John Saunders"]
[SourceDate "2024.12.27"]
[SourceVersion "1"]
[SourceVersionDate "2024.12.27"]
[SourceQuality "1"]

1. d4 Nf6 2. Nf3 d5 3. c4 e6 4. g3 Be7 5. Bg2 O-O 6. O-O dxc4 7. Ne5 Nc6 8. Bxc6 bxc6 9. Nxc6 Qe8 10. Nxe7+ Qxe7 11. Qa4 e5 12. dxe5 Qxe5 13. Nc3 Be6 14. Bf4 Qh5 15. Qb5 Qh3 16. Qc6 Rab8 17. Qg2 Rxb2 18. Bxc7 Qxg2+ 19. Kxg2 Nd5 20. Be5 Nxc3 21. Bxc3 Rxe2 22. Rfe1 Rxe1 23. Rxe1 Rd8 24. Re3 Rd3 25. Rxd3 cxd3 26. a3 g6 27. Kf3 h5 28. Ke3 Bf5 29. Bf6 Kf8 30. h4 Ke8 31. Bd4 a6 32. a4 Kd7 33. a5 Kc6 34. f3 Kb5 35. Bb6 Kc4 36. Kd2 Bd7 37. f4 Bb5 38. Bc7 f5 39. Be5 Kd5 40. Ke3 d2 41. Kxd2 Ke4 42. Kc3 Kf3 43. Bf6 Kxg3 44. Bg5 Kf3 45. Kd4 Be2 46. Ke5 Ke3 47. Kf6 Ke4 1/2-1/2